000 00307nam a2200133Ia 4500
008 230818s2007 xx 000 0 und d
041 _aeng
100 _aFoll
245 _aModern french classic
260 _bHutchinsons
_c2007
300 _a543p
520 _aReference Copy
999 _c852341
_d852341
650 _aFood Production